• 首页
  • 本馆介绍
  • 公告通知
  • 最新文献
  • 馆藏检索
  • 电子资源
  • 读者导购
  • 参考咨询
  • 我的图书馆
  • 登录
  • 详细信息显示
  • 放入我的书架
  • 预约/预借图书
  • 作者相关作品
  • 分类相关作品
  • 丛书相关作品
  • 出版社相关作品

书目信息

  • 表格格式
  • 工作单格式
  • 卡片格式
题名:
红山古国研究
    
 
作者: 马海玉 著
分册:  
出版信息: 上海   上海古籍出版社  2021.11
页数: 318页
开本: 24cm
丛书名: 红山文化研究基地系列学术著作
单 册:
中图分类: K871.134
科图分类:
主题词: 红山文化--hong shan wen hua--文化研究
电子资源:
ISBN: 978-7-5732-0045-7
000 01116nam 2200289 450
001 CAL 0120217330524
005 20230217093112.0
010    @a978-7-5732-0045-7@dCNY98.00
100    @a20220105d2021 em y0chiy0120 ea
101 0  @achi
102    @aCN@b310000
105    @aa a 000yy
106    @ar
200 1  @a红山古国研究@Ahong shan gu guo yan jiu@f马海玉著
210    @a上海@c上海古籍出版社@d2021.11
215    @a318页@c图@d24cm
225 2  @a红山文化研究基地系列学术著作@Ahong shan wen hua yan jiu ji di xi lie xue shu zhu zuo
300    @a内蒙古自治区高校人文社会科学重点研究基地
314    @a马海玉, 赤峰学院副教授, 内蒙古红山文化学会秘书长。
320    @a有书目
330    @a本书主要依据考古学和历史文献学对红山文化所处的古国时代进行系统研究, 内容涉及红山文化以渔猎采集为重的经济模式、人口流动频繁的部群体、社会化简约型的劳动分工、社会运行机制与源流等。
410  0 @12001 @a红山文化研究基地系列学术著作
606 0  @a红山文化@Ahong shan wen hua@x文化研究
690    @aK871.134@v5
701  0 @a马海玉@Ama hai yu@4著
801  0 @aCN@bBJXHZP@c20230228
905    @b1408001-4@dK871.134@e540@f4
    
    红山古国研究/马海玉著.-上海:上海古籍出版社,2021.11
    318页:图;24cm.-(红山文化研究基地系列学术著作)
    内蒙古自治区高校人文社会科学重点研究基地
    
    ISBN 978-7-5732-0045-7:CNY98.00
    本书主要依据考古学和历史文献学对红山文化所处的古国时代进行系统研究, 内容涉及红山文化以渔猎采集为重的经济模式、人口流动频繁的部群体、社会化简约型的劳动分工、社会运行机制与源流等。
●
相关链接 在E读中查询图书 在五车中查询图书 在当当中查询图书 在豆瓣中查询图书


正题名:红山古国研究     索取号:K871.134/540         预约/预借

序号 登录号 条形码 馆藏地/架位号 状态 备注
1 1408001   214080019   第二样本阅览室/ [索取号:K871.134/540] 在馆    
2 1408002   214080028   第二借阅区/ [索取号:K871.134/540] 在馆    
3 1408003   214080037   第二借阅区/ [索取号:K871.134/540] 在馆    
4 1408004   214080046   第二借阅区/ [索取号:K871.134/540] 在馆    
唐山师范学院图书馆 欢迎您!
大连网信软件有限公司© 版权所有